000 00446cam a22001934a 4500
005 20250605164153.0
008 250528s ||||||||||||||||||||||||d
035 _a19463
020 _a915734389
040 _aGR-AtMCL
_bgre
_dGR-AtMCL
_eAACR2
245 1 _aPRINT CASEBOOKS 5 1982/1983
250 _a1
260 _bRc Publications,
_c1982
300 _a96
700 1 _aFox Martin
_95714
942 _cBK
999 _c4719
_d4719